| 000 | 00360nam a2200145Ia 4500 | ||
|---|---|---|---|
| 008 | 150201s2006 xx 000 0 und d | ||
| 082 |
_a615.845 _bC2006F |
||
| 100 | _aFORSTER,ANGELA | ||
| 245 | _aCLAYTONS ELECTROTHERAPY : THEORY & PRACTICE | ||
| 250 | _a9TH | ||
| 260 |
_bAITBS _aDELHI _c2006 |
||
| 300 | _a1-248 | ||
| 650 | _aPHYSIOTHERAPY | ||
| 942 |
_2ddc _cBK |
||
| 999 |
_c3908 _d3908 |
||